000 00210nam a2200097Ia 4500
008 190216s9999||||xx |||||||||||||| ||und||
100 _aDr.Elloway
245 0 _aJulius Ceasar
260 _bMacmillan
942 _cBK
999 _c12606
_d12606